000
00300nam a22001337a 4500
008
170922b xxu||||| |||| 00| 0 eng d
020
_a
9780312053673
041
_a
eng
080
_2
2ND
_a
37
100
_a
46
101
_a
EDU
245
_a
THE ST. MARTING'S HANDBOOK
_c
LUNSFORD,A
942
_2
udc
_c
BK
999
_c
29165
_d
29165